000 00507nam a22001817a 4500
008 150713b xxu||||| |||| 00| 0 alb d
020 _a9928134278
041 0 _aalb
080 _a929
_x(496.5)
100 _aKyçyku, Kopi ;
245 _aAstrit Leka, një jetë e stuhishme :
_cKopi Kyçyku.
260 _aTiranë :
_bMaluka ;
_c2013.
300 _a292 f.,
_b16 fl. : me foto ;
_c21 cm.
500 _aParathënie : f. 5-20
505 _aBibliografia f. 290-291
650 0 _aBiografia
942 _2udc
_cBK
999 _c1112
_d1112